00464nam a2200157Ia 4500003000900000008004100009040001600050080001500066100001900081245005000100260002900150300001500179490007700194650001400271650002100285IN-BaIIA211028s9999 xx 000 0 eng d cIIA Library a530.1bBEI aBeiser, Arthur 0aPerspectives of modern physicscArthur Beiser aTokyobMcGraw-Hillc1969 avii, 611p. aMcGraw-Hill series in fundamentals of physics: an undergraduate textbook a Physics aNASA Thesaurus